5HLuxD.jpg

KING HENRY VIII SENIOR AND PRIMARY SCHOOL LIBRARY OPAC

Dork diaries : (Record no. 2050)

000 -LEADER
fixed length control field 01266nam a22003618i 4500
001 - CONTROL NUMBER
control field 021846281
003 - CONTROL NUMBER IDENTIFIER
control field UkOxU
005 - DATE AND TIME OF LATEST TRANSACTION
control field 20230303093350.0
008 - FIXED-LENGTH DATA ELEMENTS--GENERAL INFORMATION
fixed length control field 190123r20192018enka j 000|f|eng|d
015 ## - NATIONAL BIBLIOGRAPHY NUMBER
National bibliography number GBB983327
Source bnb
016 7# - NATIONAL BIBLIOGRAPHIC AGENCY CONTROL NUMBER
Record control number 019393904
Source Uk
020 ## - INTERNATIONAL STANDARD BOOK NUMBER
International Standard Book Number 9781471172779
Qualifying information paperback
035 ## - SYSTEM CONTROL NUMBER
System control number (Uk)019393904
040 ## - CATALOGING SOURCE
Original cataloging agency StDuBDS
Language of cataloging eng
Description conventions rda
Transcribing agency StDuBDS
Modifying agency UkOxU
-- KH8
082 04 - DEWEY DECIMAL CLASSIFICATION NUMBER
Classification number FIC RUS
Edition number 23
100 1# - MAIN ENTRY--PERSONAL NAME
Personal name Russell, Rachel Renée,
Relator term author.
240 10 - UNIFORM TITLE
Uniform title Tales from a not-so-happy birthday
245 10 - TITLE STATEMENT
Title Dork diaries :
Remainder of title birthday drama! /
Statement of responsibility, etc. Rachel Renée Russell with Nikki Russell and Erin Russell.
246 30 - VARYING FORM OF TITLE
Title proper/short title Birthday drama! /
264 #1 - PRODUCTION, PUBLICATION, DISTRIBUTION, MANUFACTURE, AND COPYRIGHT NOTICE
Place of production, publication, distribution, manufacture London :
Name of producer, publisher, distributor, manufacturer Simon & Schuster Children's,
Date of production, publication, distribution, manufacture, or copyright notice 2019.
300 ## - PHYSICAL DESCRIPTION
Extent 295 pages :
Other physical details illustrations (black and white) ;
Dimensions 20 cm.
336 ## - CONTENT TYPE
Content type term text
Source rdacontent
336 ## - CONTENT TYPE
Content type term still image
Source rdacontent
337 ## - MEDIA TYPE
Media type term unmediated
Source rdamedia
338 ## - CARRIER TYPE
Carrier type term volume
Source rdacarrier
500 ## - GENERAL NOTE
General note Originally published: as Tales from a not-so-happy birthday. New York: Aladdin, 2018.
600 10 - SUBJECT ADDED ENTRY--PERSONAL NAME
Personal name Maxwell, Nikki J.
Titles and other words associated with a name (Fictitious character)
Form subdivision Juvenile fiction.
655 #0 - INDEX TERM--GENRE/FORM
Genre/form data or focus term Diary fiction.
655 #0 - INDEX TERM--GENRE/FORM
Genre/form data or focus term Children's stories.
700 1# - ADDED ENTRY--PERSONAL NAME
Personal name Russell, Nikki,
Relator term author.
700 1# - ADDED ENTRY--PERSONAL NAME
Personal name Russell, Erin,
Relator term author.
942 ## - ADDED ENTRY ELEMENTS (KOHA)
Source of classification or shelving scheme
Koha item type Books - Fiction
Holdings
Withdrawn status Lost status Source of classification or shelving scheme Damaged status Not for loan Collection code Permanent Location Current Location Shelving location Date acquired Total Checkouts Full call number Barcode Date last seen Date last checked out Price effective from Koha item type
          Fiction KH8 Primary School Library KH8 Primary School Library Fiction 2023-03-03 23 FIC RUS KHPL000003772 2025-12-05 2025-03-26 2023-03-03 Books - Fiction

Powered By KH8 IT Dept